| 000 | 00546nam a22001937a 4500 | ||
|---|---|---|---|
| 005 | 20260601114559.0 | ||
| 008 | 260601b |||||||| |||| 00| 0 eng d | ||
| 020 |
_a9783111356082 _c3201.65 |
||
| 040 | _aMAIN | ||
| 041 | _aGerman | ||
| 082 |
_a830.9 _bVER |
||
| 100 |
_aMellamann, Katja (ed) _926980 |
||
| 245 | _aVergessene Konstellationen Literarischer Offentlichkeit Zwischen (1840 und 1885) | ||
| 260 |
_aBerlin _bDe Gruyter _c2023 |
||
| 300 | _a455 | ||
| 650 | _aGerman Language | ||
| 700 |
_aReiling, Jisko (ed) _926981 |
||
| 942 | _cBK | ||
| 999 |
_c60949 _d60949 |
||